Documentary film movement in India: the issue of compulsory theatrical exhibition - the road ahead (Record no. 495223)

000 -LEADER
fixed length control field 00461cam a22001337a 4500
008 - FIXED-LENGTH DATA ELEMENTS--GENERAL INFORMATION
fixed length control field 180718b2009 xxu||||| |||| 00| 0 eng d
082 ## - DEWEY DECIMAL CLASSIFICATION NUMBER
Classification number APPPA 2008-09/PAC
100 ## - MAIN ENTRY--PERSONAL NAME
Personal name Packirisamy, V.
245 ## - TITLE STATEMENT
Title Documentary film movement in India: the issue of compulsory theatrical exhibition - the road ahead
Statement of responsibility, etc. by V. Packirisamy
260 ## - PUBLICATION, DISTRIBUTION, ETC.
Place of publication, distribution, etc. New Delhi
Name of publisher, distributor, etc. Indian Institute of Public Administration
Date of publication, distribution, etc. 2009
300 ## - PHYSICAL DESCRIPTION
Extent 126p.
650 ## - SUBJECT ADDED ENTRY--TOPICAL TERM
Topical term or geographic name entry element India
650 ## - SUBJECT ADDED ENTRY--TOPICAL TERM
Topical term or geographic name entry element Documentary film
Holdings
Withdrawn status Lost status Damaged status Not for loan Permanent Location Current Location Date acquired Full call number Barcode Date last seen Price effective from Koha item type
        Indian Institute of Public Administration Indian Institute of Public Administration 2018-08-04 APPPA 2008-09/PAC GR18351 2018-08-04 2018-08-04 GR

Powered by Koha